000
00294nam a22001337a 4500
008
170925b xxu||||| |||| 00| 0 eng d
020
_a
9781607148494
041
_a
eng
080
_a
37
100
_a
46
101
_a
EDU
245
_a
NEW GRE PREMIER
_c
GUARANTEEED.H.S
942
_2
udc
_c
BK
999
_c
29681
_d
29681